00261nam a2200109Ia 4500008004100000082001600041100001700057245002800074260002500102300000800127650001600135191201s2004 xx 000 0 und d a006.33bRIA aRICH, Elaine 0aArtificial Intelligence aNew DelhibTMHc2004 a621 aB.Tech(CSE)